Hội đồng tương trợ kinh tế ( những văn bản pháp lí chủ yếu )
Gespeichert in:
| Format: | Buch |
|---|---|
| Sprache: | Undetermined |
| Veröffentlicht: |
Hà Nội
KHXH
1980
|
| Schlagworte: | |
| Tags: |
Tag hinzufügen
Keine Tags, Fügen Sie den ersten Tag hinzu!
|
| Thư viện lưu trữ: | Trung tâm Học liệu Trường Đại học Cần Thơ |
|---|
| LEADER | 00516nam a2200157Ia 4500 | ||
|---|---|---|---|
| 001 | CTU_5479 | ||
| 008 | 210402s9999 xx 000 0 und d | ||
| 082 | |a 330.0684 | ||
| 082 | |b H452 | ||
| 245 | 0 | |a Hội đồng tương trợ kinh tế ( những văn bản pháp lí chủ yếu ) | |
| 260 | |a Hà Nội | ||
| 260 | |b KHXH | ||
| 260 | |c 1980 | ||
| 650 | |a international economic relations | ||
| 904 | |i Nguyễn Quang Điền, 960718 | ||
| 980 | |a Trung tâm Học liệu Trường Đại học Cần Thơ | ||